Le Seigneur des Anneaux en 20 questions - Statistiques

Statistiques générales
  • Ce quiz a été pris 7 569 fois
  • Le résultat moyen est 7 sur 20
Statistiques - réponses
Question Réponse % Correct
Quel est le nom de famille de Frodon (et Bilbon) ? Sacquet
91%
Lequel est le plus ancien des trois: Elrond, Isildur ou Galadriel ? Galadriel
88%
Combien d'anneaux de pouvoir existe-il en Terre du Milieu ? 20
67%
Quel est le véritable prénom de Merry ? Meriadoc
67%
Comment s'appelle la forteresse où demeure Saroumane ? Isengard
60%
Sous quel nom connait-on mieux le Royaume de la marche ? Rohan
54%
Sous quel nom les elfes appelent-ils Gandalf ? Mithrandir
47%
Comment s'appelait le cousin de Gollum ? Déagol
45%
Compléter : " Un anneau pour les gouverner tous. Un anneau pour les trouver, Un anneau pour les amener tous et ____ ___ ________ ___ ____" dans les ténèbres les lier
42%
Et la tour prétendûment incassable en son centre ? Orthanc
36%
Comment Sam surnomme-t-il Aragorn ? Grands-Pas
31%
Sous quel nom Frodon se fait-il passer à Bree ? Soucolline
19%
À quel âge Bilbon prend-il le bateau vers les Terres Immortelles ? 131 ans
18%
Quel plateau du Mordor Sam et Frodon traversent-ils pour rejoindre la Montagne du Destin ? Gorgoroth
9%
Quel est le nom de famille de Rosie avec qui Sam se marie à la fin de la saga ? Chaumine
7%
Comment s'appelle ce Grand Aigle qui a par trois fois porté Gandalf ? Gwaihir
6%
Quelle baie se trouve au sud du Gondor ? Belfalas
5%
Dans le gué de quelle rivière se trouvant à l'entrée de Fondcombe les cavaliers nazgûls sont-ils emportés par les eaux ? Bruinen
5%
En quelle année du IIIème Âge l'anneau unique est-il détruit ? 3019
4%
À 5 ans près, quel âge a Gollum lorsqu'il tombe dans la lave de l'Orodruin ? 579 ans
4%
Aucun quiz correspondant
Distribution des résultats
% des personnes avec chaque résultat
Percentile par nombre de réponses
Votre historique - résultats
Vous n’avez pas pris ce quiz